Statistics for US Cold War Interventions

Click here to take the quiz!

General Stats

  • This quiz has been taken 932 times
    (928 since last reset)
  • The average score is 19 of 32

Answer Stats

HintAnswer% Correct
1963Vietnam
97%
1945-1953Korea
95%
1961Cuba
90%
1953Iran
84%
1963Iraq
83%
1979-1989Afghanistan
81%
1959Cambodia
80%
1960Laos
79%
1945-1949China
75%
1981-1990Nicaragua
71%
1989-1994Panama
70%
1952Egypt
69%
1970-1973Chile
66%
1976Argentina
65%
1983Grenada
62%
1949, 1956-57,Syria
62%
1954Guatemala
60%
1964Brazil
59%
1957-1958, 1965-66Indonesia
59%
1979El Salvador
57%
1947-1949Greece
55%
1961Dominican Republic
54%
1980-1992Angola
53%
1974-1991Ethiopia
50%
1960Congo
48%
1980-1989Poland
46%
1971Bolivia
44%
1948-1960sItaly
38%
1982Chad
25%
1949-1953Albania
21%
1966Ghana
18%
1975-1999East Timor
14%

Score Distribution

Percentile by Number Answered

Percent of People with Each Score

Your Score History

You have not taken this quiz since the last reset